FA (Record no. 104366)
[ view plain ]
| 000 -LEADER | |
|---|---|
| fixed length control field | 01219cam a2200265 4500 |
| 001 - CONTROL NUMBER | |
| control field | ##L130146 |
| 008 - FIXED-LENGTH DATA ELEMENTS--GENERAL INFORMATION | |
| fixed length control field | 050628n2005 000 0 eng u |
| 020 ## - INTERNATIONAL STANDARD BOOK NUMBER | |
| International Standard Book Number | 0418826307 |
| 035 ## - SYSTEM CONTROL NUMBER | |
| System control number | (Sirsi) u130146 |
| 041 0# - LANGUAGE CODE | |
| Language code of text/sound track or separate title | eng |
| 050 04 - LIBRARY OF CONGRESS CALL NUMBER | |
| Classification number | 692.8 $2 18 |
| 110 2# - MAIN ENTRY--CORPORATE NAME | |
| Corporate name or jurisdiction name as entry element | Joint Contracts Tribunal |
| 9 (RLIN) | 3664 |
| 240 00 - UNIFORM TITLE | |
| Uniform title | FA 05 |
| 245 ## - TITLE STATEMENT | |
| Title | FA |
| Remainder of title | Framework Agreement 2005 |
| 260 ## - PUBLICATION, DISTRIBUTION, ETC. | |
| Place of publication, distribution, etc. | London |
| Name of publisher, distributor, etc. | Thomson Sweet and Maxwell |
| Date of publication, distribution, etc. | 2005 |
| 300 ## - PHYSICAL DESCRIPTION | |
| Extent | ii, 18p. |
| Dimensions | 30cm. |
| 350 ## - PRICE (NR) (BK AM CF MU VM SE) [OBSOLETE] | |
| Price | 18.95 |
| 490 ## - SERIES STATEMENT | |
| Series statement | JCT Framework Agreement (2005 Edition) |
| 520 ## - SUMMARY, ETC. | |
| Summary, etc. | Agreement for the procurement of construction or engineering related works over a period of time. Suitable for clients with contractors and/or suppliers or for those subletting to others in the supply chain this document can be used with most standard forms of construction and engineering contract or subcontract. Parties who do not wish to be legally bound should consider the JCT Framework Agreement Non-Binding (2005 Edition). |
| 650 24 - SUBJECT ADDED ENTRY--TOPICAL TERM | |
| Topical term or geographic name entry element | JCT FRAMEWORK AGREEMENT (2005 EDITION) |
| 651 #4 - SUBJECT ADDED ENTRY--GEOGRAPHIC NAME | |
| Geographic name | United Kingdom |
| Chronological subdivision | |
| 690 ## - LOCAL SUBJECT ADDED ENTRY--TOPICAL TERM (OCLC, RLIN) | |
| Topical term or geographic name as entry element | BUILT ENVIRONMENT-BUILDING CONTRACT FORMS-STANDARD FORMS OF BUILDING CONTRACT-JOINT CONTRACTS TRIBUNAL CONTRACTS |
| 942 ## - ADDED ENTRY ELEMENTS (KOHA) | |
| Suppress in OPAC | 0 |
| Withdrawn status | Lost status | Source of classification or shelving scheme | Damaged status | Not for loan | Home library | Current library | Shelving location | Date acquired | Cost, normal purchase price | Total Checkouts | Full call number | Barcode | Date last seen | Copy number | Cost, replacement price | Price effective from | Koha item type |
|---|---|---|---|---|---|---|---|---|---|---|---|---|---|---|---|---|---|
| Dewey Decimal Classification | London | London | Boxed set | 15/11/2005 | 22.27 | JCT 2005/1 | 30063547 | 06/08/2019 | 1 | 22.27 | 06/08/2019 | Reference material |